| 000 | 00574nam a22001817a 4500 | ||
|---|---|---|---|
| 999 |
_c6180 _d6180 |
||
| 003 | GBCCL | ||
| 005 | 20241126110557.0 | ||
| 008 | 180502b ||||| |||| 00| 0 eng d | ||
| 040 | _cgbc | ||
| 082 |
_a268 _bJAV |
||
| 100 |
_aJavalera, Elizabeth R. _911107 |
||
| 245 |
_aTraining for competence / _cElizabeth R. Javalera |
||
| 247 | _aA Preliminary teacher training course for the Philippine Church | ||
| 260 |
_aPhilippines: _bChristian Literature Crusade, _c1973 |
||
| 300 |
_a95 p.; _c21 cm. |
||
| 650 |
_aReligious education _xTeacher training _911108 |
||
| 942 |
_2ddc _cBK _01 |
||